000 00666nam a2200277Ia 4500
005 20260324120129.0
008 008 260324s9999 xx 000 0 eng d
020 _a9780429067815
037 _aEBOOK
040 _aCRL
040 _beng
040 _cCRL
041 _2eng
041 _aeng
084 _qCRL
100 _aCharles M. Cuerrier; Andrew E. Pelling
_91157358
245 0 _aCells, Forces, and the Microenvironment
260 _bTaylor and Francis
260 _c2015
365 _a
365 _b260
856 _uhttp://www.taylorfrancis.com/books/9780429067815
942 _cEBOOK
999 _c1748710
_d1748710